000 02902cam a22004574i 4500
003 PE-LiUPU
005 20250731165408.0
008 151015s2014 pe a grm 000 0 spa d
035 _a(Sirsi) a154893
040 _aPE-LiUPU
_bspa
_cPE-LiUPU
_erda
082 0 4 _a612.8
_bE88 3
099 _aTF 3
_bE88 2014
100 1 _aEspinal Caro, Gladys Margot
_eautor
245 1 _aEnfermedades psicosomáticas y su relación con la dinámica familiar de los pacientes del Hospital Nacional "Ramiro Prialé Prialé", ESSALUD, Huancayo, 2013/
_cGladys Margot Espinal Caro.
264 0 _c2014.
300 _a100 hojas :
_bilustraciones;
_c30 cm
336 _atext
_2rdacontent
337 _aunmediated
_2rdamedia
338 _avolume
_2rdacarrier
502 _aTesis
_b(Mg.) --
_cUniversidad Peruana Unión,
_d2014.
504 _aIncluye referencias
520 3 _aCon esta investigación se demostró que existe relación inversa y significativa entre la dinámica del grupo familiar y el padecimiento de enfermedades psicosomáticas en sus seis dimensiones: gastrointestinales, respiratorias, cardiológicas, dermatológicas, osteomusculares y neurológicas, en los pacientes del Hospital Nacional "Ramiro Prialé" ESSALUD de la ciudad de Huancayo, Departamento de Junín, Perú. Así como también que existe la misma relación -es decir, inversa y significativa- entre enfermedades psicosomáticas y las dimensiones interacción familiar, comunicación, roles y ciclo vital. La presente investigación fue de tipo correlacional, con enfoque cuantitativo no experimental, cuyo objetivo principal fue establecer si existe relación entre las variables: dinámica familiar y enfermedades psicosomáticas, tomándose la muestra de 402 pacientes de los servicios médicos arriba mencionados, además de los de oncología, traumatología, urología, oftalmología, otorrinolaringología y ginecología, éstos a fin de conocer si también en estas especialidades médicas se presentan la patología psicosomática. Los resultados demostraron que la mayoría de los pacientes quienes son parte de una dinámica familiar disfuncional, padecen de alguna enfermedad o patología psicosomática, mientras en aquellos que pertenecen a una dinámica familiar funcional, la presentación o incidencia de este tipo de enfermedades psicosomáticas es mucho menor.
526 _aSEG44
526 _aSEG26
526 _aP151
526 _aP150
526 _aP149
526 _aP146
526 _aP145
526 _aP126
526 _aP125
526 _aP92
526 _aP75
526 _aP74
526 _aP27
526 _aP15
650 0 4 _aTrastornos psicosomaticos
_xFamlias
_vTesis.
596 _a1
942 _2ddc
_cTESIS
999 _aTF 3 E88 2014
_wALPHANUM
_c7587
_iT01785
_lCCODEBUL3
_mBUL
_r1
_sY
_tTESIS
_u2015-10-15
_xPOSGRADO
_PP54
_o.STAFF. Tesis
_d7587
980 _81
_gALBERTO SANCHEZ Responsable de Automatización